000
00279nam a2200121 a 4500
005
20141022142005.0
008
080922s19uu xx 00 eng d
050
_a
VCD
_b
E7 1987
245
_a
Empire on the sun.
650
_a
VCD.
650
_a
Empire on the sun.
942
_c
AVM
999
_c
276443
_d
276443